LEADER 02327nam0 22003733i 450 001 UM1E037514 005 20251003044431.0 012 $aloma a.oe leto nequ (3) 1826 (A)$2fei 100 $a20230503g18261827||||0itac50 ba 101 | $aita 102 $ait 181 1$6z01$ai $bxxxe 182 1$6z01$an 183 1$6z01$anc$2RDAcarrier 200 1 $aˆIl ‰commercio nel 19. secolo, ossia Stato attuale delle sue transazioni nelle principali parti dei due emisferi del signor Moreau de Jonnes. Con note ed appendice degli estensori ed editori degli Annali universali di statistica 210 $aMilano$cpresso gli Editori degli Annali universali di medicina statistica ec., a S. Gio. alle quattro facce, n. 1838$d1826-27 215 $a474 p.$d8o 300 $aData sulla copertina editoriale: 1827 300 $aSegn.: °1!/8 2-6/8 7/4 8-30/8. 312 $aTit. della cop.: ˆIl ‰commercio nel secolo decimonono del signor Moreau de Jonnes con note ed appendice degli estensori ed editori degli Annali universali di statistica.$9SBLE015230 316 $a1 v. - Legatura con piatti in carta marmorizzata$5IT-BN0095 , ANT FONDO RARI 152 517 1 $aˆIl ‰commercio nel secolo decimonono del signor Moreau de Jonnes con note ed appendice degli estensori ed editori degli Annali universali di statistica.$9SBLE015230 517 1 $aStato attuale delle sue transazioni nelle principali parti dei due emisferi$9UTO1310441 620 $aIT$dMilano$3MUSL002184 700 1$aMoreau de Jonnès$b, Alexandre$3RAVV071677$4070$0332623 712 02$aEditori degli Annali universali di medicina e statistica$3LO1V164664 801 3$aIT$bIT-000000$c20230503 850 $aIT-BN0095 $aIT-NA0097 901 $bNAP 01$cANT $n$ 912 $aUM1E037514 950 0$aBiblioteca Centralizzata di Ateneo$c1 esemplare$d 01ANT FONDO RARI 152$e 01AR 0700123415 VMA 1 v. - Legatura con piatti in carta marmorizzata$fB $h19940609$i20230626 977 $a 01$a SP 996 $aCommercio nel 19. secolo, ossia Stato attuale delle sue transazioni nelle principali parti dei due emisferi del signor Moreau de Jonnes. Con note ed appendice degli estensori ed editori degli Annali universali di statistica$93384252 997 $aUNISANNIO